| 000 | 01612ngm a22004090a 4500 | ||
|---|---|---|---|
| 001 | PT28322 | ||
| 003 | AR-LpoUNG | ||
| 005 | 20210202000420.0 | ||
| 007 | vd cvaizq | ||
| 008 | 191001s1975||||ag |||||||||||||||||spa d | ||
| 040 |
_aAR-LpoUNG _bspa _cAR-LpoUNG _eaacr |
||
| 041 | _aspa | ||
| 082 | 0 | _a982.063 684hij | |
| 100 | 1 |
_aSolanas, Fernando E. _edir. |
|
| 245 | 1 | 4 | _aLos hijos de fierro |
| 260 |
_as.l. _bs.e. _c1975. |
||
| 300 | _aDVD (133 min.) : son., col. | ||
| 505 | 0 | _aEstrenada en el año 1978 en el Festival de Cannes en Francia. | |
| 520 | _aToma como referencia histórica el periodo que va desde el golpe que derrocó a Perón en el año 1955 hasta su vuelta al poder en 1973. Filmada en fábricas, sindicatos, bares calles, casas, esta interpretada por gente del pueblo y un reducido número de actores profesionales. -Los hijos de Fierro -ha dicho Solanas- no es otra recreación del Martin Fierro, sino una parafrasis del mismo. El protagonista no es ya un héroe individualista y de derrota, sino un personaje colectivo y organizado: la clase trabajadora urbana, las grandes mayorías nacionales, los hijos de Fierro.- | ||
| 650 | 4 | _aARGENTINA | |
| 650 | 4 | _aDICTADURA | |
| 650 | 4 | _aGOBIERNO MILITAR | |
| 650 | 4 | _aHISTORIA POLITICA | |
| 650 | 4 | _aHISTORIA SOCIAL | |
| 650 | 4 | _aMARGINALIDAD | |
| 650 | 4 | _aPOBREZA | |
| 650 | 4 | _aRELACIONES COMUNITARIAS | |
| 650 | 4 | _aTRABAJADORES | |
| 651 | 4 | _aArgentina | |
| 653 | _aCINE ARGENTINO | ||
| 653 | _aDVD | ||
| 653 | _aSOLANAS, PINO | ||
| 653 | _aVIDEOS | ||
| 653 | _aVILLAS MISERIAS | ||
| 905 | _a28322 | ||
| 942 | _cDVD | ||
| 999 |
_c54814 _d54814 |
||